00237nam a2200109Ia 4500003000400000008004100004100002000045245001300065260002400078300000700102650001800109OSt191201s2011 xx 000 0 und d aBHANSALI, Jyoti 0aMacbeth  bKalyani Mediac2011 a76 aGeneral Books